[Event "Forli Open"]
[Site "Forli"]
[Date "1988.??.??"]
[Round "9"]
[White "Strikovic, Aleksa"]
[Black "Vezzosi, Paolo"]
[Result "1-0"]
[WhiteElo "2450"]
[BlackElo "2270"]
[PlyCount "77"]
[EventDate "1988.06.??"]
[Source "www.chesslib.no"]
[SourceDate "2004.05.04"]

1. e4 e6 2. d4 d5 3. Nc3 Nf6 4. Bg5 Be7 5. e5 Nfd7 6. Bxe7 Qxe7 7. Qd2 O-O 8. f4 c5 9. dxc5 Qxc5 10. Nf3 Nc6 11. O-O-O Nb6 12. Bd3 Nc4 13. Qe2 Qe3+ 14. Qxe3 Nxe3 15. Rd2 f6 16. exf6 Rxf6 17. g3 Bd7 18. Re1 Nf5 19. Bxf5 Rxf5 20. Nb5 Rf6 21. Ng5 Nb4 22. Nc7 Rc8 23. Ngxe6 Nxa2+ 24. Kb1 Nb4 25. c3 Na6 26. Nxa6 Rxe6 27. Rxe6 Bxe6 28. Nb4 Rc5 29. Kc1 Kf7 30. Nc2 Ke7 31. Nd4 Bh3 32. Re2+ Kf7 33. Re5 h6 34. Kc2 Bg2 35. b4 Rc7 36. Nb5 Rc6 37. Nxa7 Ra6 38. Nb5 Bf1 39. Rxd5 1-0

[Event "COL Ch"]
[Site "Colombia"]
[Date "1988.??.??"]
[Round "2"]
[White "Gutierrez, Jose A"]
[Black "Cuartas, Carlos E"]
[Result "1-0"]
[WhiteElo "2330"]
[BlackElo "2360"]
[PlyCount "113"]
[EventDate "1988.??.??"]
[Source "www.chesslib.no"]
[SourceDate "2004.05.04"]

1. e4 e6 2. d4 d5 3. Nc3 Nf6 4. Bg5 Be7 5. e5 Nfd7 6. Bxe7 Qxe7 7. Qd2 a6 8. f4 c5 9. Nf3 Nc6 10. a3 cxd4 11. Nxd4 Ndxe5 12. O-O-O Nxd4 13. Qxd4 Nd7 14. Qxg7 Qf6 15. Qg3 b6 16. Qe3 O-O 17. g4 Bb7 18. g5 Qg7 19. Rg1 Rfd8 20. Ne2 Nc5 21. Nd4 Rac8 22. Kb1 Re8 23. Qf2 Ne4 24. Qh4 Nd6 25. Bd3 Rc7 26. f5 exf5 27. Nxf5 Nxf5 28. Bxf5 Rc4 29. Qh6 Qxh6 30. gxh6+ Kf8 31. Bxh7 Re6 32. Bd3 Rh4 33. h7 Reh6 34. Rg8+ Ke7 35. Re1+ Kd6 36. Rg7 Bc6 37. Rxf7 Rxh2 38. Rg1 Bb5 39. Rg6+ Rxg6 40. Bxg6 Be8 41. Rf6+ Ke7 42. Rxb6 Bxg6 43. Rxg6 Rxh7 44. Rxa6 Rh1+ 45. Ka2 Kd7 46. Kb3 Rh2 47. c3 Kc7 48. a4 Rh4 49. Rg6 d4 50. c4 Rh2 51. a5 Kb7 52. Rd6 Rd2 53. c5 d3 54. Ka3 Rd1 55. b4 Kc7 56. Kb2 Kb7 57. Kc3 1-0

[Event "Subotica Palic"]
[Site "Subotica YUG"]
[Date "1992.??.??"]
[Round "?"]
[White "Djantar, Djordje"]
[Black "Miljanic, Boro"]
[Result "0-1"]
[WhiteElo "2250"]
[BlackElo "2430"]
[PlyCount "92"]
[EventDate "1992.??.??"]
[Source "www.chesslib.no"]
[SourceDate "2004.05.04"]

1. e4 e6 2. d4 d5 3. Nc3 Nf6 4. Bg5 Be7 5. e5 Nfd7 6. Bxe7 Qxe7 7. Qd2 a6 8. f4 c5 9. Nf3 Nc6 10. O-O-O b5 11. dxc5 Nxc5 12. Nd4 Nxd4 13. Qxd4 b4 14. Ne2 O-O 15. Kb1 Rb8 16. Nc1 Bd7 17. Bd3 Rfc8 18. g3 a5 19. Ne2 Na4 20. Ka1 Bb5 21. Rc1 Nc5 22. Rhe1 h6 23. Kb1 b3 24. a3 bxc2+ 25. Bxc2 Bc4 26. Nc3 Nb3 27. Bxb3 Rxb3 28. Kc2 Qb7 29. Rb1 Rb8 30. Ne2 Bd3+ 31. Qxd3 Rxd3 32. Kxd3 Qb3+ 33. Kd2 Qa2 34. Nc3 Rxb2+ 35. Rxb2 Qxb2+ 36. Kd3 Qxa3 37. Rb1 Qc5 38. Rb8+ Kh7 39. Rb7 a4 40. Rxf7 a3 41. g4 a2 42. Nxa2 Qc4+ 43. Ke3 Qxa2 44. f5 Qb3+ 45. Kf2 Qb2+ 46. Kf3 Qxe5 0-1

[Event "Cansys IM-A"]
[Site "Budapest HUN"]
[Date "1991.??.??"]
[Round "2"]
[White "Borriss, Martin"]
[Black "Vigh, Bela"]
[Result "1-0"]
[WhiteElo "2340"]
[BlackElo "2340"]
[PlyCount "75"]
[EventDate "1991.??.??"]
[Source "www.chesslib.no"]
[SourceDate "2004.05.04"]

1. e4 e6 2. d4 d5 3. Nc3 Nf6 4. Bg5 Be7 5. e5 Nfd7 6. Bxe7 Qxe7 7. Qd2 O-O 8. f4 c5 9. Nf3 Nc6 10. dxc5 f5 11. exf6 Qxf6 12. g3 Nxc5 13. O-O-O Rd8 14. Qe1 Bd7 15. Bh3 Rac8 16. Qe3 Nb4 17. Nd4 Re8 18. Rhe1 Qh6 19. g4 Ne4 20. g5 Qh5 21. Nxe4 dxe4 22. Bf1 Qxh2 23. Rd2 Qh4 24. Qxe4 Nd5 25. Nf3 Qg3 26. Bd3 g6 27. Ne5 Bc6 28. Nxc6 bxc6 29. Rf1 Re7 30. Bc4 Rce8 31. Rd3 Qg4 32. Qe5 Qg2 33. Rdd1 Qg3 34. Rde1 Nb6 35. Bb3 Nd5 36. Re4 a5 37. Rfe1 Rf8 38. Qd6 1-0

[Event "Subotica Palic"]
[Site "Subotica YUG"]
[Date "1992.??.??"]
[Round "?"]
[White "Djantar, Djordje"]
[Black "Marinkovic, Slavisa"]
[Result "1/2-1/2"]
[WhiteElo "2250"]
[BlackElo "2415"]
[PlyCount "86"]
[EventDate "1992.??.??"]
[Source "www.chesslib.no"]
[SourceDate "2004.05.04"]

1. e4 e6 2. d4 d5 3. Nc3 Nf6 4. Bg5 Be7 5. e5 Nfd7 6. Bxe7 Qxe7 7. Qd2 O-O 8. f4 c5 9. Nf3 Nc6 10. O-O-O a6 11. dxc5 Nxc5 12. Nd4 Nxd4 13. Qxd4 b5 14. Kb1 Bb7 15. a3 Rac8 16. Be2 Rfd8 17. Bf3 Na4 18. Nxa4 Rc4 19. Qf2 Rxa4 20. Rd4 Rxd4 21. Qxd4 Rc8 22. Be2 Qc5 23. Qxc5 Rxc5 24. Rd1 f6 25. c3 Kf7 26. Rd4 Bc6 27. Kc2 Be8 28. a4 bxa4 29. Bxa6 Ra5 30. Bd3 a3 31. bxa3 Rxa3 32. Kb2 Ra4 33. Rb4 fxe5 34. fxe5 h6 35. Rb7+ Kf8 36. Rb8 Ra5 37. Kb3 Ke7 38. Rb7+ Kf8 39. Rb8 Ke7 40. Rb7+ Kf8 41. Kb4 Ra4+ 42. Kc5 Ra3 43. Kd4 Ra4+ 1/2-1/2

[Event "HUN Team Ch"]
[Site "HUN"]
[Date "1992.??.??"]
[Round "?"]
[White "Varga, Zoltan"]
[Black "Hetenyi, Geza"]
[Result "1/2-1/2"]
[WhiteElo "2410"]
[BlackElo "2225"]
[PlyCount "35"]
[EventDate "1992.??.??"]
[Source "www.chesslib.no"]
[SourceDate "2004.05.04"]

1. e4 e6 2. d4 d5 3. Nc3 Nf6 4. Bg5 Be7 5. e5 Nfd7 6. Bxe7 Qxe7 7. Qd2 a6 8. f4 c5 9. Nf3 Nc6 10. O-O-O c4 11. f5 b5 12. g4 Nb6 13. Qf4 Qb4 14. f6 g6 15. Kb1 h6 16. a3 Qa5 17. Na2 b4 18. Qd2 1/2-1/2

[Event "AUT Ch"]
[Site "Austria"]
[Date "1981.??.??"]
[Round "9"]
[White "Wittmann, Walter"]
[Black "Stoppel, Franz"]
[Result "1/2-1/2"]
[WhiteElo "2380"]
[BlackElo "2245"]
[PlyCount "146"]
[EventDate "1981.??.??"]
[Source "www.chesslib.no"]
[SourceDate "2004.05.04"]

1. e4 e6 2. d4 d5 3. Nc3 Nf6 4. Bg5 Be7 5. e5 Nfd7 6. Bxe7 Qxe7 7. Qd2 a6 8. f4 c5 9. dxc5 Nxc5 10. Nf3 Bd7 11. Bd3 Na4 12. Nxa4 Bxa4 13. O-O g6 14. Qf2 Bb5 15. Nd4 Bd7 16. Kh1 Nc6 17. Rae1 Nxd4 18. Qxd4 Bb5 19. g4 Bxd3 20. cxd3 O-O 21. f5 Qh4 22. Qe3 Rac8 23. Re2 Rc6 24. fxg6 hxg6 25. Ref2 Rc7 26. Rf6 Rd8 27. R6f3 Rdd7 28. Qf4 Rc2 29. R1f2 Rxf2 30. Rxf2 Rc7 31. Kg2 Kg7 32. h3 Kg8 33. Qb4 Qg5 34. Qd6 Qe7 35. Qxe7 Rxe7 36. Rc2 g5 37. Kg3 Kg7 38. h4 gxh4+ 39. Kxh4 f6 40. exf6+ Kxf6 41. g5+ Kg6 42. Kg4 e5 43. Rh2 e4 44. Rh6+ Kg7 45. dxe4 dxe4 46. Rh2 e3 47. Re2 Re5 48. Kf4 Ra5 49. Rxe3 Rxa2 50. Re7+ Kg6 51. Re6+ Kf7 52. Rb6 Ra1 53. Rxb7+ Kg6 54. Rb6+ Kf7 55. g6+ Kg7 56. Kf5 a5 57. Rb7+ Kg8 58. Kf6 Rf1+ 59. Ke5 Rd1 60. Kf6 Rd6+ 61. Kg5 Rd4 62. Rb5 a4 63. b4 a3 64. Rb8+ Kg7 65. Rb7+ Kg8 66. b5 a2 67. Ra7 Rb4 68. Rxa2 Rxb5+ 69. Kh6 Rb8 70. Ra7 Rc8 71. Rg7+ Kh8 72. Re7 Kg8 73. Kg5 Rc1 1/2-1/2

[Event "Sao Paulo zt"]
[Site "Sao Paulo BRA"]
[Date "1972.??.??"]
[Round "4"]
[White "Silva Nazzari, Roberto"]
[Black "Debarnot, Roberto L"]
[Result "1-0"]
[WhiteElo "2250"]
[BlackElo "2375"]
[PlyCount "75"]
[EventDate "1972.??.??"]
[Source "www.chesslib.no"]
[SourceDate "2004.05.04"]

1. e4 e6 2. d4 d5 3. Nc3 Nf6 4. Bg5 Be7 5. e5 Nfd7 6. Bxe7 Qxe7 7. Qd2 O-O 8. f4 c5 9. Nf3 Nc6 10. g3 Rb8 11. dxc5 Qxc5 12. Bd3 b5 13. Qe2 h6 14. Qf2 b4 15. Qxc5 Nxc5 16. Ne2 b3 17. Kd2 bxc2 18. b3 d4 19. Nc1 Rd8 20. Ne1 Nb4 21. Nxc2 Nbxd3 22. Nxd3 Ne4+ 23. Ke2 Ba6 24. Rhc1 f5 25. Nce1 Rdc8 26. Kd1 Nc3+ 27. Kd2 g5 28. b4 gxf4 29. gxf4 Kf7 30. a4 Bc4 31. Nf3 Ne4+ 32. Ke2 Rxb4 33. Nxd4 Nc5 34. Rxc4 Rxc4 35. Nb5 Rd8 36. Nd6+ Rxd6 37. exd6 Ne4 38. Ne5+ 1-0

[Event "Bundesliga 8788"]
[Site "Germany"]
[Date "1988.??.??"]
[Round "?"]
[White "Herbrechtsmeier, Christof"]
[Black "Junge, Ralf"]
[Result "1/2-1/2"]
[WhiteElo "2305"]
[BlackElo "2315"]
[PlyCount "100"]
[EventDate "1987.10.??"]
[Source "ChessBase"]
[SourceDate "1999.07.01"]

1. e4 e6 2. d4 d5 3. Nc3 Nf6 4. Bg5 Be7 5. e5 Nfd7 6. Bxe7 Qxe7 7. Qd2 a6 8. f4 c5 9. dxc5 Nc6 10. Nf3 Qxc5 11. O-O-O b5 12. Nd4 Nxd4 13. Qxd4 b4 14. Ne2 a5 15. Kb1 Ba6 16. Qxc5 Nxc5 17. Ng3 Bxf1 18. Rhxf1 g6 19. Nh1 h5 20. Nf2 h4 21. Ng4 Ne4 22. Nf2 Nxf2 23. Rxf2 Rc8 24. b3 Rc3 25. Kb2 Re3 26. a3 Re4 27. axb4 axb4 28. Ra1 O-O 29. Ra7 g5 30. g3 Kg7 31. Rb7 g4 32. f5 exf5 33. Rxf5 h3 34. e6 Rxe6 35. Rxb4 Kg6 36. Rxd5 f5 37. Rd2 Rfe8 38. Rf4 Re2 39. Rf2 Rxd2 40. Rxd2 f4 41. gxf4 Kf5 42. b4 Kxf4 43. b5 g3 44. hxg3+ Kxg3 45. c4 h2 46. Rxh2 Kxh2 47. Kc3 Kg3 48. Kd4 Kf4 49. b6 Rd8+ 50. Kc5 Ke5 1/2-1/2

[Event "otb"]
[Site "otb"]
[Date "2007.04.05"]
[Round "4"]
[White "Perez Rodney"]
[Black "Ramirez Garcia J"]
[Result "1-0"]
[WhiteElo "2395"]
[BlackElo "2218"]
[PlyCount "49"]
[Source "www.chesslib.no"]
[SourceDate "2004.05.04"]

1. e4 e6 2. d4 d5 3. Nc3 Nf6 4. Bg5 Be7 5. e5 Nfd7 6. Bxe7 Qxe7 7. Qd2 O-O 8. f4 c5 9. Nf3 Nc6 10. O-O-O f6 11. exf6 Nxf6 12. Bb5 Rb8 13. dxc5 Qxc5 14. Rhe1 a6 15. Bd3 b5 16. Ne5 Nxe5 17. Rxe5 b4 18. Ne2 b3 19. axb3 Rxb3 20. Qe3 Qc7 21. Bxh7+ Nxh7 22. Qxb3 Rxf4 23. Nxf4 Qxe5 24. Qg3 Nf6 25. Nxd5 1-0

[Event "BCF Ch"]
[Site "Morecambe"]
[Date "1975.08.06"]
[Round "3"]
[White "Perkins, Alan H"]
[Black "De Veauce, Louis"]
[Result "0-1"]
[WhiteElo "2300"]
[BlackElo "2270"]
[PlyCount "83"]
[EventDate "1975.08.04"]
[Source "www.chesslib.no"]
[SourceDate "2004.05.04"]

1. e4 e6 2. d4 d5 3. Nc3 Nf6 4. Bg5 Be7 5. e5 Nfd7 6. Bxe7 Qxe7 7. Qd2 a6 8. f4 c5 9. Nf3 Nc6 10. dxc5 Qxc5 11. Bd3 Nb6 12. Ne2 Bd7 13. c3 Rc8 14. Ned4 Nc4 15. Bxc4 Qxc4 16. b3 Qc5 17. Rc1 O-O 18. O-O Rc7 19. Kh1 Ne7 20. Rfe1 Rfc8 21. Re3 a5 22. a4 b5 23. axb5 Bxb5 24. Ra1 Bd7 25. Qa2 Nc6 26. Rd3 Qb6 27. Nxc6 Bxc6 28. Qxa5 Qxb3 29. Nd4 Qc4 30. Rdd1 Rb7 31. Rdb1 g6 32. g3 Qd3 33. Rxb7 Bxb7 34. Kg2 Ra8 35. Qxa8+ Bxa8 36. Rxa8+ Kg7 37. Rc8 g5 38. Rc7 Qe4+ 39. Kh3 Kg6 40. Rc8 gxf4 41. Rg8+ Kh6 42. gxf4 0-1

[Event "AUS-ch"]
[Site "?"]
[Date "2001.12.31"]
[Round "4"]
[White "Rujevic Mirko"]
[Black "Bjelobrk Igor"]
[Result "0-1"]
[WhiteElo "2355"]
[BlackElo "2197"]
[PlyCount "114"]
[EventDate "2001.??.??"]
[Source "www.chesslib.no"]
[SourceDate "2004.05.04"]

1. e4 e6 2. d4 d5 3. Nc3 Nf6 4. Bg5 Be7 5. e5 Nfd7 6. Bxe7 Qxe7 7. Qd2 a6 8. f4 b6 9. Nf3 c5 10. Be2 Nc6 11. Nd1 f5 12. c4 dxc4 13. Ne3 cxd4 14. Nxc4 O-O 15. O-O Rd8 16. Rac1 Bb7 17. Ng5 Nc5 18. Nd6 Rxd6 19. exd6 Qxd6 20. Bc4 h6 21. Nf3 b5 22. Bb3 Nxb3 23. axb3 Rd8 24. Rfe1 Qd5 25. b4 Qb3 26. Red1 d3 27. Rc3 Qxb4 28. Rxd3 Rxd3 29. Qxd3 Qc5+ 30. Kh1 Nb4 31. Qe2 Be4 32. Nd4 Nd3 33. Rxd3 Bxd3 34. Qxe6+ Kh7 35. Qe3 Be4 36. h4 a5 37. Kh2 b4 38. g4 Bb7 39. gxf5 Qd5 40. Qg1 Kh8 41. Ne6 Qd2+ 42. Kh3 Qd3+ 43. Kh2 Qc2+ 44. Kg3 Qxf5 45. Qb6 Qd3+ 46. Kf2 Qc2+ 47. Ke3 Qb3+ 48. Kd4 Qxb2+ 49. Ke3 Qb3+ 50. Kf2 Qd5 51. Nc5 Qd2+ 52. Kf1 Bf3 53. Qb5 Bg2+ 54. Kg1 Bd5 55. Kf1 Qxf4+ 56. Ke1 Qxh4+ 57. Kd2 Qd4+ 0-1

[Event "AUT Team Ch"]
[Site "Austria"]
[Date "1989.??.??"]
[Round "?"]
[White "Schuh, Franz"]
[Black "Grillitsch, Karl"]
[Result "1-0"]
[WhiteElo "2295"]
[BlackElo "2255"]
[PlyCount "48"]
[EventDate "1989.??.??"]
[Source "www.chesslib.no"]
[SourceDate "2004.05.04"]

1. e4 e6 2. d4 d5 3. Nc3 Nf6 4. Bg5 Be7 5. e5 Nfd7 6. Bxe7 Qxe7 7. Qd2 O-O 8. f4 c5 9. Nf3 Nc6 10. dxc5 Nxc5 11. Bd3 f6 12. O-O-O fxe5 13. fxe5 Bd7 14. Rhf1 Rac8 15. Kb1 a6 16. Ne2 Be8 17. h3 Nxd3 18. cxd3 Nb4 19. Rc1 Bg6 20. Nf4 Rxc1+ 21. Rxc1 Rxf4 22. Qxf4 Bxd3+ 23. Ka1 Nc2+ 24. Kb1 Nb4+ 1-0

[Event "BL2-N 8788"]
[Site "GER"]
[Date "1988.??.??"]
[Round "?"]
[White "Oppitz, Peter"]
[Black "Anbuhl, Edgar"]
[Result "1-0"]
[WhiteElo "2310"]
[BlackElo "2230"]
[PlyCount "59"]
[EventDate "1987.10.??"]
[Source "www.chesslib.no"]
[SourceDate "2004.05.04"]

1. e4 e6 2. d4 d5 3. Nc3 Nf6 4. Bg5 Be7 5. e5 Nfd7 6. Bxe7 Qxe7 7. Qd2 O-O 8. f4 c5 9. Nf3 Nc6 10. dxc5 f6 11. exf6 Qxf6 12. g3 Nxc5 13. O-O-O Rd8 14. Bd3 a6 15. Rhe1 b5 16. Ne5 Nxe5 17. Rxe5 Bb7 18. Rde1 b4 19. Nd1 Rac8 20. Kb1 a5 21. Nf2 Bc6 22. Ng4 Qf8 23. f5 Nxd3 24. Qxd3 Ba4 25. fxe6 Qc5 26. b3 Be8 27. e7 Rd7 28. Qf5 h5 29. Ne3 Qc3 30. Re2 1-0

[Event "Dos Hermanas"]
[Site "?"]
[Date "2003.03.18"]
[Round "9"]
[White "Scherer Helmut"]
[Black "Warner Delisle"]
[Result "1-0"]
[WhiteElo "2375"]
[BlackElo "2148"]
[PlyCount "107"]
[EventDate "2003.??.??"]
[Source "www.chesslib.no"]
[SourceDate "2004.05.04"]

1. e4 e6 2. d4 d5 3. Nc3 Nf6 4. Bg5 Be7 5. e5 Nfd7 6. Bxe7 Qxe7 7. Qd2 a6 8. f4 c5 9. Nf3 Nc6 10. dxc5 Nxc5 11. Bd3 b5 12. Ne2 b4 13. O-O Nxd3 14. cxd3 a5 15. Rac1 Bd7 16. Ned4 Nxd4 17. Nxd4 O-O 18. Rc7 Rfc8 19. Rfc1 Rxc7 20. Rxc7 Rc8 21. Qc2 Rxc7 22. Qxc7 a4 23. Qb8+ Qf8 24. Qxf8+ Kxf8 25. Nc2 b3 26. axb3 axb3 27. Nd4 Ba4 28. Kf2 Ke8 29. Ke3 Kd7 30. Kd2 Kc7 31. Kc3 Kb6 32. Kb4 Bd7 33. Nxb3 Bb5 34. Nc5 d4 35. g3 g6 36. Nb3 Bxd3 37. Nxd4 h6 38. Kc3 Be4 39. b4 g5 40. fxg5 hxg5 41. h4 gxh4 42. gxh4 Kc7 43. Kd2 Kd7 44. Ke3 Bd5 45. Kf4 Ke7 46. Kg5 Be4 47. h5 Bd3 48. b5 Kf8 49. Kf6 Kg8 50. b6 Be4 51. Nb5 Bd5 52. Nd6 Kh7 53. Nxf7 Bf3 54. Ng5+ 1-0

[Event "Aosta Valle Ch."]
[Site "?"]
[Date "2003.09.19"]
[Round "4"]
[White "Mrdja Milan"]
[Black "Scotti Umberto"]
[Result "1-0"]
[WhiteElo "2384"]
[BlackElo "2135"]
[PlyCount "161"]
[EventDate "2003.??.??"]
[Source "www.chesslib.no"]
[SourceDate "2004.05.04"]

1. e4 e6 2. d4 d5 3. Nc3 Nf6 4. Bg5 Be7 5. e5 Nfd7 6. Bxe7 Qxe7 7. Qd2 a6 8. f4 c5 9. Nf3 Nc6 10. dxc5 Qxc5 11. Bd3 b5 12. a3 Bb7 13. Ne2 a5 14. Nc3 b4 15. Nb5 O-O 16. a4 Ba6 17. b3 Rac8 18. O-O-O f6 19. exf6 Nxf6 20. Kb1 h6 21. Qe2 Rfe8 22. Rhe1 Re7 23. g3 Ne4 24. Bxe4 dxe4 25. Qxe4 Bxb5 26. axb5 Qxb5 27. Rd6 a4 28. Rxe6 axb3 29. Rxe7 Nxe7 30. Qxe7 bxc2+ 31. Kc1 Kh8 32. Qe5 Qd3 33. Qe3 Qa6 34. Kd2 Rd8+ 35. Nd4 Qc4 36. Qd3 c1=Q+ 37. Rxc1 Qxd4 38. Qxd4 Rxd4+ 39. Ke3 Rd6 40. Rc8+ Kh7 41. Rb8 Re6+ 42. Kf3 Ra6 43. Rxb4 Kg6 44. Kg4 Kf6 45. Kh5 Ra5+ 46. Kg4 h5+ 47. Kh4 g6 48. Rb6+ Kg7 49. Re6 Ra2 50. h3 Kf7 51. Re5 Kf6 52. Rb5 Ra4 53. Rb6+ Kg7 54. Rc6 Rb4 55. Re6 Kf7 56. Re3 Kf6 57. Rf3 Rb1 58. Rf2 Ra1 59. Re2 Ra4 60. Rc2 Rb4 61. Rc6+ Kg7 62. g4 hxg4 63. hxg4 Rxf4 64. Kg5 Rf1 65. Rxg6+ Kh8 66. Rf6 Rg1 67. Rb6 Kg7 68. Rb7+ Kf8 69. Kf6 Kg8 70. g5 Rf1+ 71. Kg6 Kf8 72. Rb8+ Ke7 73. Kg7 Rg1 74. g6 Rg2 75. Rb4 Re2 76. Rf4 Re1 77. Kg8 Rg1 78. g7 Re1 79. Rh4 Rg1 80. Kh8 Kf7 81. Rf4+ 1-0

[Event "Bautista Boschi"]
[Site "?"]
[Date "2003.12.28"]
[Round "6.3"]
[White "Salazar Carlos"]
[Black "Valiente Cristobal"]
[Result "1/2-1/2"]
[WhiteElo "2181"]
[BlackElo "2324"]
[PlyCount "20"]
[EventDate "2003.??.??"]
[Source "www.chesslib.no"]
[SourceDate "2004.05.04"]

1. e4 e6 2. d4 d5 3. Nc3 Nf6 4. Bg5 Be7 5. e5 Nfd7 6. Bxe7 Qxe7 7. Qd2 O-O 8. f4 a6 9. Nf3 c5 10. dxc5 Nxc5 1/2-1/2

[Event "Montecatini Terme Open"]
[Site "Montecatini Terme ITA"]
[Date "1995.??.??"]
[Round "?"]
[White "Aldrovandi, Costantino"]
[Black "Nannelli, Paolo"]
[Result "0-1"]
[WhiteElo "2220"]
[BlackElo "2280"]
[PlyCount "69"]
[EventDate "1995.07.??"]
[Source "www.chesslib.no"]
[SourceDate "2004.05.04"]

1. e4 e6 2. d4 d5 3. Nc3 Nf6 4. Bg5 Be7 5. e5 Nfd7 6. Bxe7 Qxe7 7. Qd2 O-O 8. f4 c5 9. Nf3 Nc6 10. dxc5 a6 11. Na4 Nxc5 12. Nxc5 Qxc5 13. O-O-O Bd7 14. Kb1 Rac8 15. Bd3 f6 16. Rhe1 Nb4 17. exf6 Rxf6 18. g3 Bb5 19. Bxb5 axb5 20. c3 Nc6 21. Nd4 Nxd4 22. Qxd4 Qxd4 23. Rxd4 Rc4 24. Kc2 Kf7 25. Kd3 h5 26. h4 Rg6 27. Re3 Kf6 28. a3 Kf5 29. Re5+ Kg4 30. f5+ Rxd4+ 31. Kxd4 exf5 32. Kxd5 Kxg3 33. Kc5 Rf6 34. Rxf5 Rxf5+ 35. Kd4 0-1

[Event "World Open"]
[Site "?"]
[Date "2000.07.02"]
[Round "5"]
[White "Szpisjak Steven"]
[Black "Adu Oladapo"]
[Result "0-1"]
[WhiteElo "2246"]
[BlackElo "2253"]
[PlyCount "58"]
[EventDate "2000.??.??"]
[Source "www.chesslib.no"]
[SourceDate "2004.05.04"]

1. e4 e6 2. d4 d5 3. Nc3 Nf6 4. Bg5 Be7 5. e5 Nfd7 6. Bxe7 Qxe7 7. Qd2 a6 8. f4 c5 9. Nf3 Nc6 10. dxc5 Qxc5 11. O-O-O b5 12. h4 Nb6 13. Nd4 Bd7 14. Nxc6 Qxc6 15. b3 O-O 16. h5 Rfc8 17. Rh3 Qc5 18. h6 g6 19. g4 a5 20. Kb1 Rab8 21. Ne2 a4 22. Nd4 Nc4 23. bxc4 bxc4+ 24. Ka1 c3 25. Qc1 Rb4 26. Qe3 Qb6 27. Ne2 d4 28. Nxd4 Rxd4 29. Rb1 Qxb1+ 0-1

[Event "World Open"]
[Site "Philadelphia, PA USA"]
[Date "1993.??.??"]
[Round "?"]
[White "Tyehimba, Bem"]
[Black "Flores, Patricio"]
[Result "1/2-1/2"]
[WhiteElo "2235"]
[BlackElo "2230"]
[PlyCount "30"]
[EventDate "1993.??.??"]
[Source "www.chesslib.no"]
[SourceDate "2004.05.04"]

1. e4 e6 2. d4 d5 3. Nc3 Nf6 4. Bg5 Be7 5. e5 Nfd7 6. Bxe7 Qxe7 7. Qd2 c6 8. f4 f5 9. exf6 Nxf6 10. Nf3 O-O 11. Bd3 h6 12. O-O c5 13. dxc5 Qxc5+ 14. Kh1 Nc6 15. Rae1 Nd4 1/2-1/2

[Event "SVK-ch"]
[Site "Presov"]
[Date "1978.??.??"]
[Round "8"]
[White "Krisko, Dusan"]
[Black "Ruckschloss, Karol"]
[Result "1-0"]
[WhiteElo "2255"]
[BlackElo "2210"]
[PlyCount "55"]
[EventDate "1978.??.??"]
[Source "ChessBase"]

1. e4 e6 2. d4 d5 3. Nc3 Nf6 4. Bg5 Be7 5. e5 Nfd7 6. Bxe7 Qxe7 7. Qd2 b6 8. f4 Ba6 9. Bxa6 Nxa6 10. Nf3 c5 11. Nb5 O-O 12. c3 cxd4 13. cxd4 Qb4 14. Nd6 f6 15. a3 Qxd2+ 16. Kxd2 g5 17. exf6 Rxf6 18. fxg5 Rg6 19. Rac1 e5 20. Rc8+ Rxc8 21. Nxc8 Re6 22. Re1 e4 23. Nh4 h6 24. Nf5 hxg5 25. Nce7+ Kf7 26. Nxd5 Nab8 27. Nc3 Nf6 28. Nxe4 1-0

[Event "Oberliga Sued W9697"]
[Site "GER"]
[Date "1996.??.??"]
[Round "?"]
[White "Haas, Frank"]
[Black "Bode, Ulf"]
[Result "0-1"]
[WhiteElo "2235"]
[BlackElo "2230"]
[PlyCount "46"]
[EventDate "1996.??.??"]
[Source "www.chesslib.no"]
[SourceDate "2004.05.04"]

1. e4 e6 2. d4 d5 3. Nc3 Nf6 4. Bg5 Be7 5. e5 Nfd7 6. Bxe7 Qxe7 7. Qd2 O-O 8. f4 c5 9. Nf3 Nc6 10. O-O-O c4 11. f5 Rb8 12. Qg5 f6 13. exf6 Nxf6 14. Re1 Qd6 15. fxe6 Bxe6 16. g3 b5 17. Bg2 b4 18. Nd1 b3 19. cxb3 cxb3 20. a3 Ne4 21. Qe3 Rfc8 22. Kb1 Bf5 23. Ka1 Nb4 0-1

[Event "Open"]
[Site "?"]
[Date "2005.07.10"]
[Round "7"]
[White "Madeira Wagner Martins"]
[Black "Hernandez Casillas Joan J"]
[Result "1-0"]
[WhiteElo "2264"]
[BlackElo "2200"]
[PlyCount "73"]
[EventDate "2005.??.??"]
[Source "www.chesslib.no"]
[SourceDate "2004.05.04"]

1. e4 e6 2. d4 d5 3. Nc3 Nf6 4. Bg5 Be7 5. e5 Nfd7 6. Bxe7 Qxe7 7. Qd2 a6 8. Nd1 c5 9. c3 Nc6 10. f4 cxd4 11. cxd4 Qb4 12. Nf3 Qxd2+ 13. Kxd2 Ke7 14. Rc1 Nb6 15. Bd3 g6 16. Ne3 h5 17. g3 Bd7 18. h3 Rac8 19. g4 hxg4 20. hxg4 Rcg8 21. g5 Ra8 22. Rh6 Rxh6 23. gxh6 Rh8 24. Ng4 Nd8 25. b3 Bc6 26. Nh4 Nd7 27. Bxg6 Rg8 28. h7 Rh8 29. Bb1 Nf8 30. Nf6 Nd7 31. Rg1 Nxf6 32. exf6+ Kf8 33. Nf3 Be8 34. Ne5 Nc6 35. Ke3 Nb8 36. Rc1 Bc6 37. b4 1-0

[Event "Plau am See (06.10.-14.10)"]
[Site "?"]
[Date "2003.10.12"]
[Round "7"]
[White "Rosen Willy"]
[Black "Raedeker Bernd"]
[Result "1/2-1/2"]
[WhiteElo "2277"]
[BlackElo "2184"]
[PlyCount "46"]
[EventDate "2003.??.??"]
[Source "www.chesslib.no"]
[SourceDate "2004.05.04"]

1. e4 e6 2. d4 d5 3. Nc3 Nf6 4. Bg5 Be7 5. e5 Nfd7 6. Bxe7 Qxe7 7. Qd2 a6 8. f4 b6 9. Nf3 Bb7 10. O-O-O c5 11. h4 Nc6 12. h5 h6 13. Kb1 O-O-O 14. Rh3 Kb8 15. Rg3 Rhg8 16. Ne2 Ka7 17. c3 Rc8 18. f5 cxd4 19. cxd4 Na5 20. b3 exf5 21. Nf4 Qa3 22. Qb2 Qb4 23. Bd3 Nc5 1/2-1/2

[Event "BEL-chT 0102"]
[Site "Belgium"]
[Date "2001.11.25"]
[Round "3"]
[White "Gulbas, Cemil"]
[Black "Tiggelman, Rene"]
[Result "0-1"]
[WhiteElo "2293"]
[BlackElo "2165"]
[PlyCount "86"]
[EventDate "2001.10.14"]
[Source "ChessBase"]
[SourceDate "2002.01.21"]

1. e4 e6 2. d4 d5 3. Nc3 Nf6 4. Bg5 Be7 5. e5 Nfd7 6. Bxe7 Qxe7 7. Qd2 O-O 8. O-O-O c5 9. f4 Nc6 10. Nf3 a6 11. h4 b5 12. dxc5 Nxc5 13. Nd4 Nxd4 14. Qxd4 b4 15. Ne2 a5 16. Ng3 Ba6 17. f5 Qc7 18. Kb1 Rfc8 19. Rc1 Nd7 20. Bxa6 Rxa6 21. Rhe1 Rc6 22. Re2 Rc4 23. Qe3 d4 24. Qg5 h6 25. Qd2 Nxe5 26. fxe6 fxe6 27. Re4 d3 28. Rxc4 Qxc4 29. cxd3 Qxc1+ 30. Qxc1 Rxc1+ 31. Kxc1 Nxd3+ 32. Kc2 Nc5 33. Nf1 Kf7 34. Ne3 Kg6 35. g4 h5 36. g5 a4 37. a3 bxa3 38. bxa3 Ne4 39. Kd3 Nd6 40. Kc3 Nf5 41. Ng2 Nxh4 42. Nxh4+ Kxg5 43. Nf3+ Kg4 0-1

[Event "Washington Eastern op"]
[Site "Washington"]
[Date "1999.12.27"]
[Round "3"]
[White "Strenzwilk, Denis"]
[Black "Formanek, Edward W"]
[Result "0-1"]
[WhiteElo "2167"]
[BlackElo "2289"]
[PlyCount "104"]
[EventDate "1999.12.26"]
[Source "ChessBase"]
[SourceDate "2000.01.11"]

1. e4 e6 2. d4 d5 3. Nc3 Nf6 4. Bg5 Be7 5. e5 Nfd7 6. Bxe7 Qxe7 7. Qd2 O-O 8. f4 c5 9. Nf3 b6 10. Bd3 Ba6 11. O-O-O cxd4 12. Nxd4 Bxd3 13. cxd3 a6 14. Kb1 b5 15. Rc1 Nc5 16. Nce2 Nbd7 17. Nc6 Qh4 18. Qe3 Na4 19. Ned4 Rfe8 20. h3 Qh6 21. g4 f6 22. exf6 Qxf6 23. Rhe1 Rac8 24. g5 Qf7 25. f5 e5 26. Ne6 Nab6 27. Nxe5 Rxc1+ 28. Rxc1 Qxf5 29. Nxd7 Rxe6 30. Qxb6 Rxb6 31. Rc8+ Kf7 32. Rf8+ Kg6 33. Rxf5 Rd6 34. Re5 Rxd7 35. Re6+ Kxg5 36. Rxa6 Kh4 37. Rb6 Kxh3 38. Rxb5 g5 39. Kc2 g4 40. a4 g3 41. Rb6 h5 42. Rg6 h4 43. b4 g2 44. a5 Kh2 45. b5 g1=Q 46. Rxg1 Kxg1 47. b6 Rb7 48. Kc3 h3 49. Kb4 h2 50. Kc5 h1=Q 51. a6 Qh7 52. axb7 Qxb7 0-1